| 000 | 00805nam a22002177a 4500 | ||
|---|---|---|---|
| 005 | 20100406120620.0 | ||
| 008 | 100406t xxu||||| |||| 00| 0 eng d | ||
| 010 | _aENG-95963 | ||
| 020 |
_a97800700680180 _c495.00 |
||
| 035 | _aEN-79496 | ||
| 037 | _bDBAD/PUB | ||
| 040 | _aDPL | ||
| 100 | _aRajwade, A.V. | ||
| 245 |
_aCurrency exposures and derivatives: _cby A.V. Rajwade _bRisk, hedging, speculation and accounting-A corporate treasurer's handbook |
||
| 260 |
_aNew Delhi _bTata Mcgraw Hill Education Private Limited _c2010 |
||
| 270 |
_a7, West Patel Nagar _bNew Delhi _e110008 |
||
| 300 |
_axxi, 121p.; _c23 cm. (Hb) |
||
| 500 | _ainclude index | ||
| 942 |
_2ddc _cEN _mRAJ |
||
| 999 |
_c35091 _d35091 |
||